Statistics for 80's Movies

Click here to take the quiz!

General Stats

  • This quiz has been taken 784 times
  • The average score is 13 of 18

Answer Stats

Hint Answer % Correct
Michael J. Fox is a teenager who is accidentally sent 30 years into the past in a time-traveling DeLorean invented by his friend, Dr. Emmett Brown.Back to the Future
94%
A troubled child summons the courage to help a friendly alien escape Earth and return to his home-world.E.T. the Extra-Terrestrial
91%
Five high school students, all different stereotypes, meet in detention where they pour their hearts out to each other, and discover how they have a lot more in common than they thought.The Breakfast Club
85%
Jack Nicholson brings his family to to an isolated hotel for the winter where an evil and spiritual presence influences the father into violenceThe Shining
82%
Robin Williams is a DJ who begins to shake up things when he is assigned to the US Armed Services Radio station in Vietnam.Good Morning Vietnam
81%
A boy breaks 3 important rules concerning his new pet and unleashes a horde of mischievous monsters on a small town. "Water after midnight...."Gremlins
79%
Three unemployed parapsychology professors set up shop as a unique ghost removal service.Ghostbusters
78%
Wil Wheaton, River Phoenix, Corey Feldman and Jerry O'Connell are a group of boys on a journey to find a missing boyStand by Me
77%
Al Pacino plays a Cuban immigrant trying to take over a drug cartel while succumbing to greed.Scarface
76%
Robin Williams is an English teacher who inspires his students to a love of poetry and to seize the day!Dead Poets Society
74%
Matthew Broderick is a high school wise guy is determined to have a day off from school, despite of what the principal thinks of that.Ferris Bueller's Day Off
73%
Arnold Schwarzenegger is in a team of commandos on a mission in a Central American jungle who find themselves hunted by an extra-terrestrial warrior.Predator
71%
Luke Skywalker takes advanced Jedi training with Master Yoda, while his friends are pursued by Darth Vader as part of his plan to capture Luke.Star Wars: Episode V - The Empire Strikes Back
66%
Charlie Sheen, Tom Berenger, Willem Dafoe, Forest Whitaker and John C. McGinley are among the US troops fighting in the Vietnam War.Platoon
65%
Steve Martin must struggle to travel home for Thanksgiving, with an obnoxious slob of a shower ring salesman his only companion.Planes Trains and Automobiles
58%
A U.S. Marine observes the dehumanizing effects the U.S.-Vietnam War has on his fellow recruits from their brutal boot camp training to the bloody street fighting in Hue "10 Dolla love you..."Full Metal Jacket
48%
Federal Agent Eliot Ness sets out to stop Al Capone, because of rampant corruption, he assembles a small, hand-picked team. Sean Connery, Robert De Niro.The Untouchables
41%
Biography of _____, the lawyer who became the famed leader of the Indian revolts against the British rule through his philosophy of non-violent protest.Gandhi
36%

Score Distribution

Percentile by Number Answered

Percent of People with Each Score

Your Score History

You have not taken this quiz